MDQL
is popping MORE tags! Check the
thread
!
Quizzes
Events
Quiz Creation
Community
Videos
Private Events
Remove Ads
Sign In
Join for FREE
Feedback
Dark Mode
Quiz Categories
Sports
Geography
Music
Movies
Television
Just For Fun
Miscellaneous
History
Literature
Language
Science
Gaming
Entertainment
Religion
Holiday
For Kids
Quiz Lab
Recent
Popular Today
Quiz Kudos Today
Editor Picks
Curator Picks
Quizzes by...
Day
Popularity
Type
Ratings
Length
Year
Community
Subscriptions
Recent Discussions
Orange Saloon
Badges
Playlists
Quests
Create
Leaderboards
Showdown
Live 5
Trivia Bingo
Activity
Puzzle Library
Sporcle Events
Private Events
Virtual Trivia
Globe League
Become a Host
Pub Owners
SporcleCon
Opinionation
Our Games
Videos
Blog
Mobile Apps
Partnerships
Remove Ads and Go Orange
Feedback
Entertainment
Celebrity
Famous
Musical
Broadway
Show
Quote
Comic Books
Anime
Superhero
DC Comics
Marvel
Cartoons
Animation
Entertainment
Celebrity
Famous
Musical
Broadway
Show
Quote
Comic Books
Anime
Superhero
DC Comics
Marvel
Cartoons
Animation
Random Quiz
Search Sporcle
×
Quiz Lab
Quiz Lab
Entertainment
plot
Type in answers that appear in a list
Type in answers that appear in a list
Classic
Best Score? Go Orange.
Similar movies Stats
Can you name the movies that came out around the same time with similar plots?
By
aef308
6m
22 Questions
769 Plays
769 Plays
769 Plays
Comments
Comments
Give Quiz Kudos
Give Quiz Kudos
-
- Ratings
hide this ad
Replay
Link that replays current quiz
Next Quiz
Link to next quiz in quiz playlist
You Got
0%
They Got
Avg Score
40%
Avg Friend Score
Upgrade to see
Score Distribution
Jump to the score distribution portion of the page
Score
0/22
Timer
06:00
0
Plays Today
plot
movie
% Correct
Animation -
Fish
Finding Nemo
84.9%
Animaition -
Insects
A Bug's Life
82.2%
Animaition -
Insects
Antz
75.8%
Animation -
Zoo in New York
Madagascar
74.1%
Shopping center security
Paul Blart: Mall Cop
65.1%
Natural objects that can strike Earth from space
Armageddon
62.5%
Magicians
The Prestige
51.2%
Natural objects that can strike Earth from space
Deep Impact
49.9%
Animation -
Creatures that are cute but scary
Monsters Inc.
48.5%
Magicians
The Illusionist
44.3%
Animation -
Fish
Shark Tale
44%
plot
movie
% Correct
Natural object thats can destroy Earth with an eruption
Volcano
43.3%
Natural object thats can destroy Earth with an eruption
Dante's Peak
32.9%
Shopping center security
Observe And Report
31.7%
Life in prehistoric times
Year One
20.4%
Animation -
Zoo in New York
The Wild
14%
Homicide connected to the president
Murder at 1600
12.1%
Animation -
Creatures that are cute but scary
Shrek!
11.7%
Secret Service protecting the president's family
Chasing Liberty
10.7%
Life in prehistoric times
Land of the Lost
9%
Secret Service protecting the president's family
First Daughter
8.8%
Homicide connected to the president
Absolute Power
4.4%
Quiz Playlist
Details
Report
Send in Message
Add To Playlist
Classic:
Type in answers that appear in a list
Last Updated: Feb 16, 2017
Quiz Scoreboard
CHALLENGE
Sign Up to Join the Scoreboard
Show All
Scores
Hide
Comments
May contain spoilers
Recently Published
Image Sorting: Flags VI
by Barbecue
Geography
2m
Find the 'City' Movie
by crazypaving
Movies
60s
Colored Red Africa Blitz
by spor1
Geography
45s
More to Explore
Quiz From the Vault
Featured Blog Post
14 Easter Pick-up Lines to Find Eggs With
hide this ad
You Might Also Like...
Tags
plot
same
similar
Today's Top Quizzes in Entertainment
Browse Entertainment
hide this ad
Today's Top Quizzes in plot
Browse plot
Top Contributed Quizzes in Entertainment
1
Marvel Classic Character Map
2
Dragon Ball Z: Goku's Fights in Order
3
Marvel Characters Bunker
4
JoJo's Bizarre Logic Quiz
5
This is Your Life: Edward Elric
6
Celebrity Spelling Bee
7
This is Your Life: Itachi Uchiha
8
BOYS PLANET Quiz
9
Sorting Pictures: Villains
10
One Piece Heroines Chapter Cover
Explore More
Trending Topics
Crossword
NBA
Marvel
Kpop
Disney
Harry Potter
Anime
Country
Soccer
Pokémon
The Office
NFL
WWE
Puzzle
Song
hide this ad
More By:
aef308
Quiz
Plays
Rating
Category
Featured
Created
Similar movies
769
2.22
Entertainment
Dec 20, 2009
Company Name Opposites
276
2.40
Miscellaneous
Mar 18, 2010
Go to Creator's Profile
Score Distribution
Quiz Creator Spotlight
aef308
Follow
Send a Message
Quizzes Created
-
Created Quiz Play Count
-
More By This Creator
Popular Quizzes Today
1
Colored Red Africa Blitz
2
Find the US States - No Outlines Minefield
3
Find the 'City' Movie
4
5x2 Blitz: Bands
5
The Countries of the World
6
Find the US States
7
Find the Countries of Europe - No Outlines Minefield
8
US States
More Entertainment Quizzes
Celebrities by Birthplace II
Published
Trending Quizzes
Colored Red Europe Blitz I
Colored Red Europe Blitz II
Colored Red Africa Blitz II
Colored Red Europe Blitz III
Colored Red Africa Blitz III
Recently Updated
How Do You Spell That?
pecheneg
Godzilla Movies
pecheneg
Grab Bag: 4-10 Letters
pecheneg
2024 March Madness Bracket
pecheneg
Famous TV Couples
Peacemaker
Champions League XIs: Real Madrid
pecheneg
Largest US Cities 1790-2010
pecheneg
Rides in Walt Disney World
pecheneg
Most Oscar Losses (Acting)
pecheneg
Beyoncé Albums
pecheneg
Trending Topics
Kpop
Harry Potter
Disney
Marvel
Anime
Crossword
NBA
Country
WWE
Soccer
NFL
Puzzle
The Office
Pokémon
Song
Your Account Isn't Verified!
In order to create a playlist on Sporcle, you need to verify the email address you used during registration. Go to your
Sporcle Settings
to finish the process.
Report this User
Report this user for behavior that violates our
Community Guidelines
.
Details:
Send Report
Go to the Sporcle.com Mobile Site →
Comments